| 000 | 00437nam a22001457a 4500 | ||
|---|---|---|---|
| 999 |
_c8166 _d8166 |
||
| 003 | OSt | ||
| 005 | 20200807164440.0 | ||
| 008 | 200807b ||||| |||| 00| 0 eng d | ||
| 020 | _a9781568983653 | ||
| 082 | _a720.105 | ||
| 100 | _aPicon, Antoine; Ponte, Alessandra; Lerner, Ralph | ||
| 245 | _aArchitecture and the sciences : exchanging metaphors | ||
| 260 |
_aNew York _bPrinceton Architectural Press; _c September 26, 2003 |
||
| 942 | _2ddc | ||